000 00734nam a2200265Ia 4500
005 20260121170325.0
008 008 260114s9999 xx 000 0 eng d
020 _a9783319723501
037 _aEBOOK
040 _aCRL
040 _beng
040 _cCRL
041 _2eng
041 _aeng
084 _qCRL
100 _aHojong Kim, Bradford Wesstrom, Shafiq Alam, Takanari Ouchi, Gisele Azimi, Neale R. Neelameggham, Shijie Wang, Xiaofei Guan
_91062496
245 0 _aRare Metal Technology 2018
260 _bSpringer
260 _bSpringer
260 _c2018
856 _uhttps://link.springer.com/openurl?genre=book&isbn=978-3-319-72350-1
942 _cEBOOK
999 _c1628225
_d1628225